[Event "FIDE Open Sachove Univerzity QCC"]
[Site "Ceske Budejovice"]
[Date "2020.07.03"]
[Round "3.20"]
[White "Havelkova, Beata"]
[Black "Frnoch, Vojtech"]
[Result "1-0"]
[WhiteElo "1394"]
[BlackElo "1597"]
[Annotator "NA RC"]
[PlyCount "103"]
[EventDate "2020.07.01"]
[EventType "swiss"]
[EventCountry "CZE"]
[SourceTitle "playchess.com"]
[Source "ChessBase"]
[SourceQuality "1"]
[TimeControl "40/5400+30:1800+30"]

1. e4 {[%emt 0:00:00]} e6 {[%emt 0:00:00]} 2. d4 {[%emt 0:00:00]} d5 {[%emt 0:00:00]} 3. Nd2 {[%emt 0:00:01]} c5 {[%emt 0:00:14]} 4. Ngf3 {[%emt 0:01:25]} Nc6 {[%emt 0:01:28]} 5. exd5 {[%emt 0:01:50]} exd5 {[%emt 0:00:39]} 6. Bb5 {[%emt 0:02:06]} a6 {[%emt 0:00:32]} 7. Be2 {[%emt 0:05:43]} cxd4 {[%emt 0:01:54]} 8. Nb3 {[%emt 0:00:59]} Nf6 {[%emt 0:02:02]} 9. Nbxd4 {[%emt 0:02:23]} h6 {[%emt 0:02:50]} 10. O-O {[%emt 0:02:28]} Bc5 {[%emt 0:02:03]} 11. Nb3 {[%emt 0:04:52]} Bb6 {[%emt 0:01:41]} 12. c3 {[%emt 0:02:32]} O-O {[%emt 0:00:50]} 13. Bd3 {[%emt 0:01:28]} Bg4 {[%emt 0:02:11]} 14. Re1 {[%emt 0:10:02]} Re8 {[%emt 0:01:24]} 15. Rxe8+ {[%emt 0:05:12]} Qxe8 {[%emt 0:01:01]} 16. Bf4 {[%emt 0:02:04]} Rd8 {[%emt 0:08:24]} 17. h3 {[%emt 0:06:24]} Bh5 {[%emt 0:01:25]} 18. Be2 {[%emt 0:09:10]} Ne4 {[%emt 0:07:42]} 19. Nbd4 {[%emt 0:06:55]} Bxf3 {[%emt 0:08:14]} 20. Bxf3 {[%emt 0:01:59]} Ne5 {[%emt 0:01:24]} 21. Be3 {[%emt 0:09:07]} Nc4 {[%emt 0:04:40]} 22. Qe2 {[%emt 0:02:08]} Nxe3 {[%emt 0:02:15]} 23. Qxe3 {[%emt 0:00:53]} f5 {[%emt 0:09:47]} 24. Re1 {[%emt 0:04:20]} Qg6 {[%emt 0:07:05]} 25. Qd3 {[%emt 0:05:29]} Kh8 {[%emt 0:01:33]} 26. Kf1 {[%emt 0:02:28]} Bc7 {[%emt 0:05:47]} 27. a3 {[%emt 0:03:55]} Rf8 {[%emt 0:02:19]} 28. Nc2 {[%emt 0:01:52]} Nxf2 {[%emt 0:04:29]} 29. Kxf2 {[%emt 0:01:29]} Qg3+ {[%emt 0:01:47]} 30. Kf1 {[%emt 0:00:37]} Qh2 {[%emt 0:01:15]} 31. Qe3 {[%emt 0:02:13]} f4 {[%emt 0:06:18]} 32. Qg1 {[%emt 0:00:33]} Qg3 {[%emt 0:00:43]} 33. Qf2 {[%emt 0:00:12]} Qg6 {[%emt 0:00:33]} 34. Nd4 {[%emt 0:00:29]} Bb6 {[%emt 0:00:19]} 35. Qc2 {[%emt 0:01:10]} Qg3 {[%emt 0:01:41]} 36. Qf2 {[%emt 0:00:32]} Qg6 {[%emt 0:00:16]} 37. Qc2 {[%emt 0:00:31]} Qg3 {[%emt 0:00:32]} 38. Qf2 {[%emt 0:00:38]} Qg6 {[%emt 0:00:12]} 39. Bg4 {[%emt 0:01:21]} Qd3+ {[%emt 0:02:00]} 40. Be2 {[%emt 0:00:37]} Qg6 {[%emt 0:01:11]} 41. Qf3 {[%emt 0:01:57]} Bd8 {[%emt 0:05:14]} 42. Bd3 {[%emt 0:01:22]} Qd6 {[%emt 0:02:49]} 43. Ne6 {[%emt 0:01:08]} Re8 {[%emt 0:01:10]} 44. Nxd8 {[%emt 0:00:26]} Rxd8 {[%emt 0:00:39]} 45. Qh5 {[%emt 0:01:02]} Qf8 {[%emt 0:03:18]} 46. Qg6 {[%emt 0:02:05]} Qg8 {[%emt 0:00:19]} 47. Re6 {[%emt 0:01:07]} Rf8 {[%emt 0:02:05]} 48. Kf2 {[%emt 0:01:11]} a5 {[%emt 0:01:14]} 49. Rb6 {[%emt 0:01:15]} Rf7 {[%emt 0:02:52]} 50. Bf5 {[%emt 0:00:47]} Re7 {[%emt 0:02:10]} 51. Re6 {[%emt 0:01:11]} Rxe6 {[%emt 0:02:54]} 52. Qxe6 {[%emt 0:00:13]} 1-0

[Event "FIDE Open Sachove Univerzity QCC"]
[Site "Ceske Budejovice"]
[Date "2020.07.03"]
[Round "3.21"]
[White "Tajovsky, Simon"]
[Black "Svejda, Karel"]
[Result "1/2-1/2"]
[WhiteElo "1594"]
[BlackElo "1387"]
[Annotator "NA"]
[PlyCount "75"]
[EventDate "2020.07.01"]
[EventType "swiss"]
[EventCountry "CZE"]
[SourceTitle "playchess.com"]
[Source "ChessBase"]
[SourceQuality "1"]
[TimeControl "40/5400+30:1800+30"]

1. d4 {[%emt 0:00:57]} Nf6 {[%emt 0:00:00]} 2. c4 {[%emt 0:00:23]} g6 {[%emt 0:00:00]} 3. Nc3 {[%emt 0:00:15]} Bg7 {[%emt 0:00:00]} 4. e4 {[%emt 0:00:08]} d6 {[%emt 0:00:05]} 5. f3 {[%emt 0:00:34]} O-O {[%emt 0:00:30]} 6. Be3 {[%emt 0:00:57]} Nbd7 {[%emt 0:00:26]} 7. Qd2 {[%emt 0:00:58]} c5 {[%emt 0:00:58]} 8. d5 {[%emt 0:00:55]} Qc7 {[%emt 0:05:21]} 9. Be2 {[%emt 0:05:14]} Rd8 {[%emt 0:03:12]} 10. f4 {[%emt 0:03:09]} Nf8 {[%emt 0:09:52]} 11. h3 {[%emt 0:09:06]} a6 {[%emt 0:09:42]} 12. g4 {[%emt 0:08:09]} e6 {[%emt 0:17:38]} 13. a4 {[%emt 0:12:46]} exd5 {[%emt 0:07:20]} 14. cxd5 {[%emt 0:06:40]} Re8 {[%emt 0:04:09]} 15. Qc2 {[%emt 0:03:48]} Qe7 {[%emt 0:05:57]} 16. Bf3 {[%emt 0:04:35]} Rb8 {[%emt 0:09:28]} 17. Qd3 {[%emt 0:07:28]} b5 {[%emt 0:05:25]} 18. axb5 {[%emt 0:02:27]} axb5 {[%emt 0:00:12]} 19. g5 {[%emt 0:00:25]} N6d7 {[%emt 0:00:41]} 20. Nxb5 {[%emt 0:00:40]} Bxb2 {[%emt 0:01:10]} 21. Ra7 {[%emt 0:03:59]} Bb7 {[%emt 0:05:05]} 22. Qb3 {[%emt 0:04:34]} Bxd5 {[%emt 0:03:11]} 23. Qxd5 {[%emt 0:04:03]} Rxb5 {[%emt 0:00:15]} 24. Ne2 {[%emt 0:01:34]} Reb8 {[%emt 0:01:55]} 25. Kf2 {[%emt 0:02:21]} Qe6 {[%emt 0:01:54]} 26. Qd2 {[%emt 0:01:24]} Nb6 {[%emt 0:03:47]} 27. Rd1 {[%emt 0:04:13]} Nc4 {[%emt 0:00:46]} 28. Qd3 {[%emt 0:00:14]} Nxe3 {[%emt 0:00:10]} 29. Qxe3 {[%emt 0:00:25]} Rb3 {[%emt 0:00:42]} 30. Qd2 {[%emt 0:00:22]} R8b6 {[%emt 0:01:59]} 31. e5 {[%emt 0:03:06]} Qxh3 {[%emt 0:01:48]} 32. Bd5 {[%emt 0:00:45]} Qh2+ {[%emt 0:00:34]} 33. Kf1 {[%emt 0:00:18]} Qh3+ {[%emt 0:00:40]} 34. Kf2 {[%emt 0:00:21]} Qh2+ {[%emt 0:00:03]} 35. Kf1 {[%emt 0:00:11]} Qh3+ {[%emt 0:00:28]} 36. Kf2 {[%emt 0:00:08]} Bd4+ {[%emt 0:00:53]} 37. Nxd4 {[%emt 0:01:03]} Qg3+ {[%emt 0:00:27]} 38. Kf1 {[%emt 0:00:26]} 1/2-1/2

[Event "FIDE Open Sachove Univerzity QCC"]
[Site "Ceske Budejovice"]
[Date "2020.07.03"]
[Round "3.22"]
[White "Garabik, Marek"]
[Black "Veselsky, Jan"]
[Result "1/2-1/2"]
[WhiteElo "1363"]
[BlackElo "1580"]
[Annotator "NA"]
[PlyCount "114"]
[EventDate "2020.07.01"]
[EventType "swiss"]
[EventCountry "CZE"]
[SourceTitle "playchess.com"]
[Source "ChessBase"]
[SourceQuality "1"]
[TimeControl "40/5400+30:1800+30"]

1. e4 {[%emt 0:00:00]} c6 {[%emt 0:00:00]} 2. d4 {[%emt 0:00:29]} d5 {[%emt 0:00:00]} 3. e5 {[%emt 0:00:33]} Bf5 {[%emt 0:00:00]} 4. Nf3 {[%emt 0:00:59]} e6 {[%emt 0:00:00]} 5. c3 {[%emt 0:00:16]} c5 {[%emt 0:00:09]} 6. Bb5+ {[%emt 0:01:28]} Nc6 {[%emt 0:00:25]} 7. Bg5 {[%emt 0:00:56]} Qb6 {[%emt 0:03:42]} 8. Bxc6+ {[%emt 0:02:30]} Qxc6 {[%emt 0:00:12]} 9. Nh4 {[%emt 0:01:09]} Bg6 {[%emt 0:04:44]} 10. Nxg6 {[%emt 0:00:57]} hxg6 {[%emt 0:00:09]} 11. Nd2 {[%emt 0:00:10]} Ne7 {[%emt 0:04:52]} 12. dxc5 {[%emt 0:01:33]} Qxc5 {[%emt 0:00:37]} 13. Nb3 {[%emt 0:00:12]} Qc7 {[%emt 0:00:58]} 14. Qe2 {[%emt 0:02:24]} Nc6 {[%emt 0:00:20]} 15. Bf4 {[%emt 0:02:33]} Be7 {[%emt 0:03:22]} 16. Nd4 {[%emt 0:00:35]} a6 {[%emt 0:00:53]} 17. Rc1 {[%emt 0:03:41]} g5 {[%emt 0:02:12]} 18. Nxc6 {[%emt 0:00:32]} Qxc6 {[%emt 0:01:23]} 19. Be3 {[%emt 0:01:10]} Qc7 {[%emt 0:01:46]} 20. Bd4 {[%emt 0:01:54]} b5 {[%emt 0:01:06]} 21. Qe3 {[%emt 0:01:29]} Rc8 {[%emt 0:09:37]} 22. O-O {[%emt 0:02:13]} O-O {[%emt 0:09:34]} 23. f4 {[%emt 0:01:45]} gxf4 {[%emt 0:05:20]} 24. Qxf4 {[%emt 0:02:06]} Qd8 {[%emt 0:04:18]} 25. Qg4 {[%emt 0:01:15]} b4 {[%emt 0:05:05]} 26. Rf3 {[%emt 0:00:40]} g6 {[%emt 0:09:59]} 27. Rcf1 {[%emt 0:02:04]} bxc3 {[%emt 0:08:00]} 28. bxc3 {[%emt 0:02:01]} Rc4 {[%emt 0:02:47]} 29. g3 {[%emt 0:13:20]} Bg5 {[%emt 0:08:00]} 30. h4 {[%emt 0:01:05]} Bd2 {[%emt 0:05:21]} 31. Rd3 {[%emt 0:00:12]} Bh6 {[%emt 0:01:12]} 32. h5 {[%emt 0:00:13]} Qg5 {[%emt 0:01:14]} 33. Qxg5 {[%emt 0:02:46]} Bxg5 {[%emt 0:00:33]} 34. hxg6 {[%emt 0:00:24]} fxg6 {[%emt 0:00:22]} 35. Rxf8+ {[%emt 0:00:39]} Kxf8 {[%emt 0:00:30]} 36. Rf3+ {[%emt 0:00:31]} Kg7 {[%emt 0:02:02]} 37. Rf2 {[%emt 0:00:30]} Be7 {[%emt 0:02:18]} 38. Rb2 {[%emt 0:01:57]} a5 {[%emt 0:00:53]} 39. Rb7 {[%emt 0:00:48]} Kf8 {[%emt 0:01:28]} 40. Rb6 {[%emt 0:01:19]} Kf7 {[%emt 0:00:35]} 41. Kf1 {[%emt 0:31:56]} Ra4 {[%emt 0:32:38]} 42. Rb7 {[%emt 0:00:50]} Ke8 {[%emt 0:00:00]} 43. Rb2 {[%emt 0:00:00]} Ba3 {[%emt 0:00:00]} 44. Rf2 {[%emt 0:00:00]} Be7 {[%emt 0:00:00]} 45. Kg2 {[%emt 0:00:00]} Rc4 {[%emt 0:00:00]} 46. Rb2 {[%emt 0:00:00]} Kd7 {[%emt 0:00:00]} 47. Rb7+ {[%emt 0:00:00]} Rc7 {[%emt 0:00:00]} 48. Rb2 {[%emt 0:00:00]} Bc5 {[%emt 0:00:00]} 49. Kh3 {[%emt 0:00:00]} a4 {[%emt 0:00:00]} 50. Kg4 {[%emt 0:00:00]} Be7 {[%emt 0:00:00]} 51. Kf4 {[%emt 0:00:00]} Kc6 {[%emt 0:00:00]} 52. Rb6+ {[%emt 0:00:00]} Kd7 {[%emt 0:00:00]} 53. Ke3 {[%emt 0:00:00]} Bc5 {[%emt 0:00:00]} 54. Rb5 {[%emt 0:00:00]} Bxd4+ {[%emt 0:00:38]} 55. cxd4 {[%emt 0:00:00]} Rc3+ {[%emt 0:00:03]} 56. Kf4 {[%emt 0:00:00]} Rd3 {[%emt 0:00:53]} 57. Rb4 {[%emt 0:00:00]} Ra3 {[%emt 0:00:37]} 1/2-1/2

[Event "FIDE Open Sachove Univerzity QCC"]
[Site "Ceske Budejovice"]
[Date "2020.07.03"]
[Round "3.23"]
[White "Kaucky, Jaroslav"]
[Black "Rolinkova, Adela"]
[Result "1-0"]
[WhiteElo "1573"]
[BlackElo "1360"]
[Annotator "NA"]
[PlyCount "41"]
[EventDate "2020.07.01"]
[EventType "swiss"]
[EventCountry "CZE"]
[SourceTitle "playchess.com"]
[Source "ChessBase"]
[SourceQuality "1"]
[TimeControl "40/5400+30:1800+30"]

1. f4 {[%emt 0:00:00]} d5 {[%emt 0:08:56]} 2. d4 {[%emt 0:00:00]} Nf6 {[%emt 0:00:54]} 3. Nf3 {[%emt 0:00:00]} Nc6 {[%emt 0:00:38]} 4. e3 {[%emt 0:00:12]} Bf5 {[%emt 0:03:31]} 5. Bd3 {[%emt 0:00:32]} Bxd3 {[%emt 0:02:10]} 6. Qxd3 {[%emt 0:00:52]} e6 {[%emt 0:01:10]} 7. Nbd2 {[%emt 0:00:17]} Bd6 {[%emt 0:03:07]} 8. c3 {[%emt 0:01:36]} O-O {[%emt 0:07:00]} 9. Ng5 {[%emt 0:01:42]} h6 {[%emt 0:02:56]} 10. h4 {[%emt 0:00:30]} Re8 {[%emt 0:08:45]} 11. Ndf3 {[%emt 0:01:08]} hxg5 {[%emt 0:18:14]} 12. hxg5 {[%emt 0:00:28]} Ne4 {[%emt 0:00:20]} 13. Nd2 {[%emt 0:00:38]} g6 {[%emt 0:06:43]} 14. Nxe4 {[%emt 0:00:14]} dxe4 {[%emt 0:00:08]} 15. Qxe4 {[%emt 0:00:29]} Kg7 {[%emt 0:01:33]} 16. Bd2 {[%emt 0:00:24]} Rh8 {[%emt 0:01:31]} 17. O-O-O {[%emt 0:00:03]} Be7 {[%emt 0:01:34]} 18. c4 {[%emt 0:01:09]} Qd7 {[%emt 0:05:40]} 19. d5 {[%emt 0:03:19]} Bb4 {[%emt 0:05:22]} 20. Bxb4 {[%emt 0:05:39]} Rxh1 {[%emt 0:02:23]} 21. Rxh1 {[%emt 0:00:28]} 1-0

[Event "FIDE Open Sachove Univerzity QCC"]
[Site "Ceske Budejovice"]
[Date "2020.07.03"]
[Round "3.24"]
[White "Chmelik, Benedikt"]
[Black "Svadlenka, Dominik"]
[Result "0-1"]
[WhiteElo "1571"]
[BlackElo "1350"]
[Annotator "NA"]
[PlyCount "86"]
[EventDate "2020.07.01"]
[EventType "swiss"]
[EventCountry "CZE"]
[SourceTitle "playchess.com"]
[Source "ChessBase"]
[SourceQuality "1"]
[TimeControl "40/5400+30:1800+30"]

1. e4 {[%emt 0:00:00]} c6 {[%emt 0:00:00]} 2. d4 {[%emt 0:00:00]} d5 {[%emt 0:00:00]} 3. exd5 {[%emt 0:00:17]} cxd5 {[%emt 0:00:02]} 4. Nf3 {[%emt 0:00:15]} Nc6 {[%emt 0:00:25]} 5. Bd3 {[%emt 0:00:24]} Bg4 {[%emt 0:00:16]} 6. O-O {[%emt 0:00:29]} Bxf3 {[%emt 0:01:24]} 7. Qxf3 {[%emt 0:00:43]} Nxd4 {[%emt 0:00:25]} 8. Qg3 {[%emt 0:00:18]} Nf6 {[%emt 0:05:44]} 9. Be3 {[%emt 0:00:13]} Nc6 {[%emt 0:00:34]} 10. Nd2 {[%emt 0:00:48]} e6 {[%emt 0:02:40]} 11. a3 {[%emt 0:01:16]} h6 {[%emt 0:09:38]} 12. f4 {[%emt 0:02:10]} h5 {[%emt 0:03:23]} 13. Nf3 {[%emt 0:02:11]} Ng4 {[%emt 0:01:54]} 14. Bd2 {[%emt 0:00:27]} Bc5+ {[%emt 0:00:26]} 15. Kh1 {[%emt 0:00:03]} Qb6 {[%emt 0:01:29]} 16. Be1 {[%emt 0:02:30]} Qxb2 {[%emt 0:01:24]} 17. Bd2 {[%emt 0:01:36]} Nf2+ {[%emt 0:00:37]} 18. Rxf2 {[%emt 0:01:56]} Bxf2 {[%emt 0:00:41]} 19. Qxf2 {[%emt 0:00:10]} Qxa1+ {[%emt 0:00:08]} 20. Ng1 {[%emt 0:00:08]} Qd4 {[%emt 0:01:01]} 21. Be3 {[%emt 0:00:43]} Qf6 {[%emt 0:02:57]} 22. Bb5 {[%emt 0:01:23]} O-O {[%emt 0:01:55]} 23. Qg3 {[%emt 0:01:03]} Ne7 {[%emt 0:01:15]} 24. Qh3 {[%emt 0:04:51]} Nf5 {[%emt 0:02:18]} 25. Bd2 {[%emt 0:00:57]} Nd6 {[%emt 0:00:52]} 26. Bd3 {[%emt 0:00:09]} Ne4 {[%emt 0:02:07]} 27. Be1 {[%emt 0:00:37]} Nc5 {[%emt 0:02:22]} 28. Be2 {[%emt 0:00:41]} Rac8 {[%emt 0:02:33]} 29. Qxh5 {[%emt 0:00:34]} Rfd8 {[%emt 0:05:16]} 30. Nf3 {[%emt 0:00:16]} Qg6 {[%emt 0:02:04]} 31. Qh4 {[%emt 0:00:22]} Qh6 {[%emt 0:06:49]} 32. Qg4 {[%emt 0:00:37]} f5 {[%emt 0:00:26]} 33. Qg5 {[%emt 0:00:56]} Qxg5 {[%emt 0:00:13]} 34. Nxg5 {[%emt 0:00:04]} Nd7 {[%emt 0:02:11]} 35. Nxe6 {[%emt 0:00:23]} Re8 {[%emt 0:00:14]} 36. Nd4 {[%emt 0:00:08]} Rxe2 {[%emt 0:00:17]} 37. Nxe2 {[%emt 0:00:03]} Re8 {[%emt 0:00:06]} 38. Kg1 {[%emt 0:00:32]} Rxe2 {[%emt 0:00:10]} 39. Kf1 {[%emt 0:00:18]} Rxc2 {[%emt 0:00:13]} 40. h3 {[%emt 0:00:32]} Nf6 {[%emt 0:00:18]} 41. Bf2 {[%emt 0:30:36]} a6 {[%emt 0:30:59]} 42. Bd4 {[%emt 0:00:26]} Nh5 {[%emt 0:00:30]} 43. Be5 {[%emt 0:00:10]} d4 {[%emt 0:01:19]} 0-1

[Event "FIDE Open Sachove Univerzity QCC"]
[Site "Ceske Budejovice"]
[Date "2020.07.03"]
[Round "3.25"]
[White "Barta, David"]
[Black "Klimes, Roman"]
[Result "1-0"]
[WhiteElo "1541"]
[BlackElo "1349"]
[Annotator "NA"]
[PlyCount "69"]
[EventDate "2020.07.01"]
[EventType "swiss"]
[EventCountry "CZE"]
[SourceTitle "playchess.com"]
[Source "ChessBase"]
[SourceQuality "1"]
[TimeControl "40/5400+30:1800+30"]

1. d4 {[%emt 0:00:00]} d5 {[%emt 0:00:11]} 2. Nf3 {[%emt 0:00:00]} g6 {[%emt 0:02:06]} 3. g3 {[%emt 0:00:03]} Bg7 {[%emt 0:00:46]} 4. Bg2 {[%emt 0:00:09]} Nf6 {[%emt 0:00:32]} 5. O-O {[%emt 0:00:10]} O-O {[%emt 0:01:07]} 6. Nbd2 {[%emt 0:00:09]} Nc6 {[%emt 0:03:12]} 7. c4 {[%emt 0:01:55]} dxc4 {[%emt 0:02:58]} 8. Nxc4 {[%emt 0:00:11]} Bg4 {[%emt 0:03:02]} 9. Be3 {[%emt 0:02:34]} Nd7 {[%emt 0:14:26]} 10. Rc1 {[%emt 0:00:51]} Nb6 {[%emt 0:00:31]} 11. Nce5 {[%emt 0:01:34]} Bxf3 {[%emt 0:06:54]} 12. Nxf3 {[%emt 0:00:16]} Rc8 {[%emt 0:03:22]} 13. Qd2 {[%emt 0:01:27]} Re8 {[%emt 0:04:47]} 14. Rfd1 {[%emt 0:00:59]} e6 {[%emt 0:01:49]} 15. Bf4 {[%emt 0:04:20]} Re7 {[%emt 0:04:09]} 16. Ne5 {[%emt 0:02:51]} Nxe5 {[%emt 0:03:25]} 17. Bxe5 {[%emt 0:00:21]} Bxe5 {[%emt 0:04:13]} 18. dxe5 {[%emt 0:00:12]} Rd7 {[%emt 0:00:22]} 19. Qc2 {[%emt 0:01:40]} Nd5 {[%emt 0:05:16]} 20. Rd4 {[%emt 0:05:04]} c5 {[%emt 0:02:31]} 21. Rc4 {[%emt 0:02:25]} Nb4 {[%emt 0:01:01]} 22. Rxb4 {[%emt 0:03:18]} cxb4 {[%emt 0:09:36]} 23. Qxc8 {[%emt 0:00:09]} Rd1+ {[%emt 0:00:32]} 24. Bf1 {[%emt 0:00:04]} Qxc8 {[%emt 0:00:31]} 25. Rxc8+ {[%emt 0:00:06]} Kg7 {[%emt 0:01:20]} 26. Rc7 {[%emt 0:00:02]} Rd2 {[%emt 0:00:59]} 27. Rxb7 {[%emt 0:00:07]} Rxb2 {[%emt 0:00:02]} 28. Rxa7 {[%emt 0:00:07]} b3 {[%emt 0:00:47]} 29. axb3 {[%emt 0:00:06]} Rxb3 {[%emt 0:00:01]} 30. f4 {[%emt 0:00:29]} h6 {[%emt 0:03:11]} 31. Bh3 {[%emt 0:00:31]} Rb6 {[%emt 0:00:43]} 32. Re7 {[%emt 0:00:26]} Kf8 {[%emt 0:00:17]} 33. Ra7 {[%emt 0:00:18]} Kg7 {[%emt 0:02:10]} 34. Kf2 {[%emt 0:00:21]} Rb8 {[%emt 0:01:30]} 35. Bxe6 {[%emt 0:00:29]} 1-0

[Event "FIDE Open Sachove Univerzity QCC"]
[Site "Ceske Budejovice"]
[Date "2020.07.03"]
[Round "3.26"]
[White "Trcka, Bohdan"]
[Black "Dobsa, Emma"]
[Result "0-1"]
[WhiteElo "1528"]
[BlackElo "1345"]
[Annotator "NA"]
[PlyCount "120"]
[EventDate "2020.07.01"]
[EventType "swiss"]
[EventCountry "CZE"]
[SourceTitle "playchess.com"]
[Source "ChessBase"]
[SourceQuality "1"]
[TimeControl "40/5400+30:1800+30"]

1. e4 {[%emt 0:38:15]} e5 {[%emt 0:00:00]} 2. Be2 {[%emt 0:00:09]} Nf6 {[%emt 0:00:00]} 3. d3 {[%emt 0:00:06]} Bc5 {[%emt 0:00:00]} 4. g4 {[%emt 0:00:17]} d5 {[%emt 0:00:03]} 5. g5 {[%emt 0:00:04]} Ng8 {[%emt 0:01:22]} 6. h4 {[%emt 0:00:23]} Be6 {[%emt 0:01:42]} 7. Bf3 {[%emt 0:00:20]} Nc6 {[%emt 0:01:14]} 8. c3 {[%emt 0:00:40]} h6 {[%emt 0:03:35]} 9. b4 {[%emt 0:00:21]} Be7 {[%emt 0:01:58]} 10. exd5 {[%emt 0:00:18]} Bxd5 {[%emt 0:00:10]} 11. Bxd5 {[%emt 0:00:24]} Qxd5 {[%emt 0:00:11]} 12. Qf3 {[%emt 0:00:13]} O-O-O {[%emt 0:01:56]} 13. Qxd5 {[%emt 0:00:44]} Rxd5 {[%emt 0:00:14]} 14. Rh3 {[%emt 0:00:30]} hxg5 {[%emt 0:02:05]} 15. b5 {[%emt 0:02:17]} Rxb5 {[%emt 0:01:08]} 16. Bxg5 {[%emt 0:00:20]} Bxg5 {[%emt 0:03:13]} 17. hxg5 {[%emt 0:00:00]} Rxh3 {[%emt 0:00:30]} 18. Nxh3 {[%emt 0:00:04]} Nge7 {[%emt 0:00:30]} 19. Nd2 {[%emt 0:00:44]} Ng6 {[%emt 0:01:18]} 20. a4 {[%emt 0:01:27]} Rc5 {[%emt 0:00:45]} 21. Ne4 {[%emt 0:01:03]} Rd5 {[%emt 0:00:26]} 22. Kd2 {[%emt 0:01:33]} Nf4 {[%emt 0:00:49]} 23. Nxf4 {[%emt 0:00:10]} exf4 {[%emt 0:00:09]} 24. Rh1 {[%emt 0:00:30]} Ne5 {[%emt 0:00:48]} 25. Rh8+ {[%emt 0:00:23]} Kd7 {[%emt 0:00:29]} 26. d4 {[%emt 0:00:51]} Nf3+ {[%emt 0:01:08]} 27. Kc2 {[%emt 0:00:17]} Nxg5 {[%emt 0:00:45]} 28. Nc5+ {[%emt 0:00:29]} Kc6 {[%emt 0:00:47]} 29. Rb8 {[%emt 0:00:09]} b6 {[%emt 0:02:11]} 30. Na6 {[%emt 0:00:20]} Ra5 {[%emt 0:01:36]} 31. Nb4+ {[%emt 0:00:18]} Kd7 {[%emt 0:00:30]} 32. Kb3 {[%emt 0:00:41]} Ne4 {[%emt 0:01:42]} 33. Rg8 {[%emt 0:00:35]} g6 {[%emt 0:01:44]} 34. Nd3 {[%emt 0:01:00]} Rh5 {[%emt 0:03:58]} 35. Ne5+ {[%emt 0:00:26]} Ke7 {[%emt 0:02:55]} 36. Rc8 {[%emt 0:01:03]} Nxf2 {[%emt 0:01:13]} 37. Rxc7+ {[%emt 0:00:07]} Ke8 {[%emt 0:00:22]} 38. Nxf7 {[%emt 0:00:42]} Nd3 {[%emt 0:01:32]} 39. Nd6+ {[%emt 0:00:36]} Kd8 {[%emt 0:01:08]} 40. Rxa7 {[%emt 0:00:16]} f3 {[%emt 0:00:57]} 41. Nc4 {[%emt 0:31:27]} f2 {[%emt 0:32:51]} 42. Rf7 {[%emt 0:00:23]} Rh1 {[%emt 0:08:32]} 43. Nd2 {[%emt 0:00:42]} g5 {[%emt 0:02:40]} 44. Kc4 {[%emt 0:01:11]} Nf4 {[%emt 0:01:22]} 45. Rg7 {[%emt 0:03:35]} Rg1 {[%emt 0:01:41]} 46. d5 {[%emt 0:00:29]} Rd1 {[%emt 0:00:55]} 47. Rg8+ {[%emt 0:00:43]} Kd7 {[%emt 0:00:42]} 48. Rg7+ {[%emt 0:00:12]} Ke8 {[%emt 0:00:25]} 49. Rxg5 {[%emt 0:03:13]} Rxd2 {[%emt 0:01:55]} 50. Re5+ {[%emt 0:00:12]} Kd7 {[%emt 0:00:40]} 51. Kb5 {[%emt 0:00:42]} Rxd5+ {[%emt 0:00:41]} 52. Rxd5+ {[%emt 0:00:26]} Nxd5 {[%emt 0:00:06]} 53. c4 {[%emt 0:00:06]} f1=Q {[%emt 0:00:13]} 54. a5 {[%emt 0:00:11]} bxa5 {[%emt 0:00:53]} 55. Kxa5 {[%emt 0:00:05]} Qa1+ {[%emt 0:00:17]} 56. Kb5 {[%emt 0:00:05]} Qb2+ {[%emt 0:00:12]} 57. Kc5 {[%emt 0:00:11]} Qb7 {[%emt 0:02:03]} 58. cxd5 {[%emt 0:00:11]} Qc7+ {[%emt 0:00:40]} 59. Kd4 {[%emt 0:00:27]} Kd6 {[%emt 0:00:13]} 60. Ke4 {[%emt 0:00:10]} Qc5 {[%emt 0:00:28]} 0-1

[Event "FIDE Open Sachove Univerzity QCC"]
[Site "Ceske Budejovice"]
[Date "2020.07.03"]
[Round "3.27"]
[White "Kotleska, Roman"]
[Black "Vojtek, Pavel"]
[Result "1-0"]
[WhiteElo "1521"]
[BlackElo "1292"]
[Annotator "NA"]
[PlyCount "83"]
[EventDate "2020.07.01"]
[EventType "swiss"]
[EventCountry "CZE"]
[SourceTitle "playchess.com"]
[Source "ChessBase"]
[SourceQuality "1"]
[TimeControl "40/5400+30:1800+30"]

1. d4 {[%emt 0:00:00]} Nf6 {[%emt 0:00:00]} 2. Bg5 {[%emt 0:00:19]} e6 {[%emt 0:00:02]} 3. Nf3 {[%emt 0:01:51]} d5 {[%emt 0:00:58]} 4. e3 {[%emt 0:00:39]} c5 {[%emt 0:01:17]} 5. Nbd2 {[%emt 0:03:56]} Nc6 {[%emt 0:01:57]} 6. c3 {[%emt 0:01:17]} Bd7 {[%emt 0:03:19]} 7. Bd3 {[%emt 0:02:44]} c4 {[%emt 0:02:55]} 8. Bc2 {[%emt 0:00:03]} Be7 {[%emt 0:02:03]} 9. O-O {[%emt 0:01:05]} O-O {[%emt 0:00:43]} 10. Re1 {[%emt 0:01:13]} a6 {[%emt 0:12:29]} 11. a4 {[%emt 0:05:11]} Ne8 {[%emt 0:07:50]} 12. Bxe7 {[%emt 0:00:51]} Qxe7 {[%emt 0:00:06]} 13. e4 {[%emt 0:00:17]} Qd8 {[%emt 0:02:28]} 14. e5 {[%emt 0:02:07]} f6 {[%emt 0:04:15]} 15. Nf1 {[%emt 0:03:42]} b5 {[%emt 0:07:23]} 16. axb5 {[%emt 0:06:26]} axb5 {[%emt 0:00:23]} 17. Rxa8 {[%emt 0:00:17]} Qxa8 {[%emt 0:00:15]} 18. exf6 {[%emt 0:00:27]} Nxf6 {[%emt 0:00:33]} 19. Ng3 {[%emt 0:01:07]} b4 {[%emt 0:16:01]} 20. Ng5 {[%emt 0:07:10]} b3 {[%emt 0:04:10]} 21. Bb1 {[%emt 0:01:01]} Qe8 {[%emt 0:07:00]} 22. Qe2 {[%emt 0:06:07]} Nd8 {[%emt 0:01:43]} 23. h3 {[%emt 0:08:11]} h6 {[%emt 0:07:17]} 24. Nf3 {[%emt 0:00:31]} Nh5 {[%emt 0:03:49]} 25. Ne5 {[%emt 0:02:41]} Nf4 {[%emt 0:01:02]} 26. Qg4 {[%emt 0:01:36]} Nc6 {[%emt 0:03:01]} 27. Nxc6 {[%emt 0:08:12]} Bxc6 {[%emt 0:00:21]} 28. Re3 {[%emt 0:02:06]} Bd7 {[%emt 0:03:43]} 29. Qh4 {[%emt 0:06:58]} Rf6 {[%emt 0:01:25]} 30. Ne2 {[%emt 0:01:39]} Ng6 {[%emt 0:00:19]} 31. Qg3 {[%emt 0:00:58]} Ne7 {[%emt 0:00:59]} 32. Rf3 {[%emt 0:02:23]} Rxf3 {[%emt 0:00:17]} 33. Qxf3 {[%emt 0:00:13]} Qf7 {[%emt 0:00:53]} 34. Qg3 {[%emt 0:01:15]} Qf8 {[%emt 0:02:19]} 35. Nf4 {[%emt 0:03:20]} Nf5 {[%emt 0:01:13]} 36. Qg6 {[%emt 0:01:08]} Nh4 {[%emt 0:01:51]} 37. Qg4 {[%emt 0:07:14]} e5 {[%emt 0:01:08]} 38. Qxd7 {[%emt 0:01:17]} exf4 {[%emt 0:00:46]} 39. Qxd5+ {[%emt 0:00:26]} Qf7 {[%emt 0:00:11]} 40. Qd8+ {[%emt 0:00:23]} Qf8 {[%emt 0:00:31]} 41. Qxh4 {[%emt 0:30:15]} Qe8 {[%emt 0:30:27]} 42. Kf1 {[%emt 0:00:57]} 1-0